| 000 | 01406cam a2200313 a 4500 | ||
|---|---|---|---|
| 001 | 152901 | ||
| 003 | ARRUPE | ||
| 005 | 20131127122830.0 | ||
| 008 | 980108s1996 nhu b s100 0 eng | ||
| 010 | _a 98102260 | ||
| 040 |
_aDLC _cDLC |
||
| 041 | 0 |
_aeng _apor _aspa |
|
| 043 | _acl----- | ||
| 050 | 0 | 0 |
_aPC4021 _b.A64 1992 |
| 110 | 2 |
_aAmerican Association of Teachers of Spanish and Portuguese. _bNortheast Regional Meeting _n(5th : _d1992 : _cManchester, N.H.) _94154 |
|
| 245 | 1 | 0 |
_aReflections on the conquest of America : _bfive hundred years after : selected papers of the fifth biennial Northeast Regional Meeting of the American Association of teachers of Spanish and Portuguese / _ceditors, F. William Forbes ... [et al.]. |
| 260 |
_aDurham, NH : _bUniversity of New Hampshire, _c1996. |
||
| 300 |
_a245 p. ; _c23 cm. |
||
| 500 | _a"September 24-26, 1992, Manchester, NH"--Cover. | ||
| 504 | _aIncludes bibliographical references. | ||
| 546 | _aEnglish, Portuguese, and Spanish. | ||
| 650 | 0 |
_aSpanish philology _vCongresses. _94155 |
|
| 650 | 0 |
_aSpanish American literature _y20th century _xHistory and criticism _vCongresses. _94156 |
|
| 650 | 0 |
_aSpanish language _xStudy and teaching _xForeign speakers _vCongresses. _94157 |
|
| 700 | 1 |
_aForbes, F. William. _94158 |
|
| 906 |
_a7 _bcbc _corignew _d3 _encip _f19 _gy-gencatlg |
||
| 942 |
_2lcc _cMONOGRAPH |
||
| 999 |
_c118765 _d118765 |
||